Hoá học Năm thứ hai MP-MP*-PSI. PSI*-PT-PT*
Trình bày nguyên lí của nhiệt động học vào các phản ứng hoá học. Khái niệm về hoá thế, về Entanpi tự do, các đại lượng của phản ứng, cân bằng hoá học. Nghiên cứu các vật liệu kim loại trong việc sử dụng các giản đồ Ellingham, các giản đồ thế, các đường cong cường độ - thế và các nguyên tắc điều chế...
Bewaard in:
| Hoofdauteur: | |
|---|---|
| Andere auteurs: | , , |
| Formaat: | Boek |
| Taal: | Vietnamese French |
| Gepubliceerd in: |
H.
Giáo dục
2001
|
| Onderwerpen: | |
| Tags: |
Voeg label toe
Geen labels, Wees de eerste die dit record labelt!
|
| Thư viện lưu trữ: | Mạng thư viện Đại học Đà Nẵng |
|---|
| LEADER | 01785aam a22003978a 4500 | ||
|---|---|---|---|
| 001 | 000008783 | ||
| 003 | 4975 | ||
| 005 | 20111021091017.0 | ||
| 008 | 111021s2001 viesd | ||
| 020 | |c 31000đ |d 1000b | ||
| 041 | 1 | |a vie |h fre | |
| 082 | 1 | 4 | |2 14 |a 540 |b DU-A |
| 100 | 1 | |a Durupthy, André | |
| 245 | 1 | 0 | |a Hoá học |b Năm thứ hai MP-MP*-PSI. PSI*-PT-PT* |c André Durupthy, André Casalot, Alain Jaubert ; Từ Ngọc Ánh dịch |
| 260 | |a H. |b Giáo dục |c 2001 | ||
| 300 | |a 288tr. |b hình vẽ, bảng |c 27cm | ||
| 504 | |a Phụ lục: tr.282-287 | ||
| 520 | |a Trình bày nguyên lí của nhiệt động học vào các phản ứng hoá học. Khái niệm về hoá thế, về Entanpi tự do, các đại lượng của phản ứng, cân bằng hoá học. Nghiên cứu các vật liệu kim loại trong việc sử dụng các giản đồ Ellingham, các giản đồ thế, các đường cong cường độ - thế và các nguyên tắc điều chế kim loại | ||
| 650 | 7 | |2 Bộ TK TVQG |a Hoá học | |
| 650 | 7 | |2 Bộ TK TVQG |a Nhiệt động học | |
| 650 | 7 | |2 Bộ TK TVQG |a Phản ứng hoá học | |
| 650 | 7 | |2 Bộ TK TVQG |a Kim loại | |
| 700 | 1 | |a Casalot, André | |
| 700 | 1 | |a Jaubert, Alain | |
| 700 | 1 | |a Từ Ngọc Ánh |e dịch | |
| 910 | |a Nguyễn Thị Kim Oanh |d 21/10/2011 | ||
| OWN | |a LSP | ||
| AVA | |a UDN50 |b LSP |d 540 DU-A |e available |t Error 5001 Not defined in file expand_doc_bib_avail. |f 1 |g 0 |h N |i 0 |k 1 | ||
| 999 | |a From the UDN01 | ||
| AVA | |a UDN50 |b LSP |d 540 DU-A |e available |t Error 5001 Not defined in file expand_doc_bib_avail. |f 1 |g 0 |h N |i 0 |k 1 | ||
| TYP | |a Monograph | ||
| TYP | |a Printed language | ||
| 980 | |a Mạng thư viện Đại học Đà Nẵng | ||